Maria Mercè Marçal [Enregistrament sonor] / Maria Mercè Marçal
ISBN:
84-931497-2-1
Descripción Física:
1 disc òptic (CD) ca. 22 min + llibret [31] p. : il. ; 14 x 15 cm ; dins 1 contenidor
Colección:
Poesia / Zanfonia
Otros Autores:
Moix, Ana María, 1947-2014
,
Formosa, Esther
,
Güell, Anna
,
Mallol, Lluïsa
,
Piñon, Cesca
Materias:
Marçal, Maria Mercè -- Poesia
MARC
| LEADER | 00000nam a2200000Ia 4500 | ||
|---|---|---|---|
| 001 | 14410 | ||
| 008 | 160829s2000 xx 000 0 cat d | ||
| 020 | |a 84-931497-2-1 | ||
| 080 | |a CD-1-41 | ||
| 100 | |a Marçal, Maria Mercè |9 28873 | ||
| 245 | |a Maria Mercè Marçal [Enregistrament sonor] / Maria Mercè Marçal | ||
| 260 | |a Barcelona : |b Zanfonia, |c 2000 | ||
| 300 | |a 1 disc òptic (CD) ca. 22 min + llibret [31] p. : |b il. ; |c 14 x 15 cm ; |c dins 1 contenidor | ||
| 490 | |a Poesia / Zanfonia | ||
| 590 | |a Breu introducció biogràfica per: Ana Ma Moix. Lectura: Esther Formosa, Anna Güell, Lluïsa Mallol, Cesca Piñón. Direcció d'intèrprets: Esther Formosa. Sel·lecció de poemes: Ernest Folch, Hereves de Maria Mercè Marçal | ||
| 650 | |a Marçal, Maria Mercè |x Poesia |9 28874 | ||
| 700 | |a Moix, Ana María, |d 1947-2014 |9 34527 | ||
| 700 | |a Formosa, Esther |9 28875 | ||
| 700 | 1 | |a Güell, Anna |9 28876 | |
| 700 | |a Mallol, Lluïsa |9 28877 | ||
| 700 | |a Piñon, Cesca |9 28878 | ||
| 901 | |a Arxiu | ||
| 942 | |n 1 | ||
| 952 | |0 0 |1 0 |4 0 |6 CD141 |7 1 |9 44964 |a Arxiu |b Arxiu |d 2016-12-01 |l 0 |o CD-1-41 |p 14410 |r 2016-12-01 00:00:00 |w 2016-12-01 |y ARXIU | ||
| 999 | |c 47563 |d 47563 | ||